000 00587nam a2200229Ia 4500
003 OSt
005 20220924144336.0
006 a|||||r|||| 00| 0
007 ta
008 220923b |||||||| |||| 00| 0 urd d
024 _a313669
037 _cTextual
040 _aARTS
_cARTS
_burd
041 _2urd
_aurd
082 _aO168,1MFB,1, E6
100 _aKrishna kunwar Badri
_9217481
245 0 _aMasnavi Noor-e-Nazar
260 _c1916
650 _aURDU POETRY
942 _hO168,1MFB,1, E6
_cTEXL
_2CC
999 _c456785
_d456785